000 00429nam a22001810a 4500
001 PT33785
003 AR-LpoUNG
005 20210131230132.0
008 191001suuuu||||ag |||||||||||||||||spa d
040 _aAR-LpoUNG
_bspa
_cAR-LpoUNG
_eaacr
041 _aspa
082 0 _a982.062 699agu
100 1 _aLicht, Silvia
245 1 0 _aAgustín Tosco :
_b1930-1975
260 _as.l.
_bBiblos,
_cs.f.
905 _a33785
942 _cLIB
999 _c1625
_d1625